| 000 | 01342nam a2200241Ia 4500 | ||
|---|---|---|---|
| 003 | Ost | ||
| 005 | 20260507075157.0 | ||
| 008 | 260507s9999||||xx |||||||||||||| ||und|| | ||
| 020 | _a20318299579 | ||
| 040 | _cfsecg | ||
| 041 | _aara | ||
| 082 | _a330 | ||
| 100 |
_aابراهيم، حسام _eمؤلف |
||
| 245 | 0 |
_aتدقيق الحسابات : _bبين النظرية و التطبيق / _c حسام ابراهيم |
|
| 260 |
_aعمان: _bدار البداية, _c2009 |
||
| 300 |
_a246 صفحة؛ _c24 سم |
||
| 504 | _aملاحق ص.199 ؛ مراجع ص.237 | ||
| 520 | _aتعريف التدقيق و أهدافه ، أنواع التدقيق ، الأخطاء و الغش ، أدلة و قرائن الاثبات في التدقيق ، المقومات الأساسية لمهنة التدقيق الخارجي ، مفهوم و أهداف الرقابة الداخلية ، المقومات الرئيسية للرقابة الداخلية ، الرقابة الداخلية و تقييم الأداء ، الرقابة المالية ، التدقيق الداخلي و تدقيق العمليات ، التحقق من عناصر المركز المالي ، تقرير المدقق الخارجي | ||
| 653 | _aالرقابة | ||
| 653 | _aالمحاسبة | ||
| 653 | _aتدقيق الحسابات | ||
| 942 | _cكتاب | ||
| 999 |
_c43378 _d43378 |
||